LEADER 00946nam a2200229 i 4500 001 000000156963 003 CaOOAMICUS 005 20061219000000.0 008 061219s1966 it u000 u ita u 013 $a134318 040 $aSeMil$bita 100 1 $aTadini, Emilio.$0(OLS)http://semarc/name/15476 245 10$aMax Ernst /$c[Emilio Tadini]. 260 $aMilano :$bFabbri,$ccopyr. 1966. 300 $a1 v., [16] p. di tav. :$bill. ;$c36 cm. 490 0 $aI maestri del colore : la pił grande collana d'arte del mondo ;$v188 650 4$aErnst, Max.$0(OLS)http://semarc/subject/30719 830 2$aI maestri del colore : la pił grande collana d'arte del mondo ;$v188.$0(OLS)http://semarc/title/2091 850 $aSeMil 852 $aSeMil$W1$xVenegono$y1$m5H XII 3/188$j108696$B108696$CSeMilBibl$Z2$F118263 $81 996 $6245$aMax Ernst$9(OLS)http://semarc/title/226748 996 $6260$aMilano :$bFabbri$9(OLS)http://semarc/publisher/30054 LEADER 00545nab a2200145 i 4500 001 000000310380 003 CaOOAMICUS 005 20180831173012.0 008 180831n xx uu u0 0und r 013 $a19472 040 $aSeMil$bita 110 2 $aChiesa Cattolica : Congregazione dell'Indice.$0(OLS)http://semarc/name/25878 245 10$aDecreto circa l?opera di Jean de Bonnefon: Le Pape de demain. 773 0 $t[Luglio-Dicembre].$g574$w()273980 996 $6245$aDecreto circa l?opera di Jean de Bonnefon: Le Pape de demain$9(OLS)http://semarc/title/385204